00615nam a22002057a 450000500170000001000110001702000100002803500110003803700190004904000120006808200150008010000220009524500890011726000300020630000230023649000380025950000530029765000350035065000240038520170124110056.0 a493093 c00.00 a493093 bCen. Lib./Ret. aDPLbEN a951.9bWHI aWhiting, Allens S aChina crosses the Yalu :cby Allen S Whitingbthe decision to enter the Korean War / aNew YorkbMacmillanc1960 ax,219p. c23cm(Hb) aRand Corporation Research Studies aIncludes bibliographical references and index  aKorean War, 1950-1953 -- China aPhilosophy, Chinese